<?xml version="1.0" encoding="UTF-8"?><record xmlns="http://www.loc.gov/MARC21/slim" xmlns:zs="http://docs.oasis-open.org/ns/search-ws/sruResponse">
  <leader>00524cz  a2200217n  4500</leader>
  <controlfield tag="001">sh 85038094 </controlfield>
  <controlfield tag="003">DLC</controlfield>
  <controlfield tag="005">20040423133706.0</controlfield>
  <controlfield tag="008">040318i| anannbabn          |b ana      </controlfield>
  <datafield ind1=" " ind2=" " tag="010">
    <subfield code="a">sh 85038094 </subfield>
  </datafield>
  <datafield ind1=" " ind2=" " tag="035">
    <subfield code="a">(DLC)sh 85038094</subfield>
  </datafield>
  <datafield ind1=" " ind2=" " tag="035">
    <subfield code="a">(DLC)36810</subfield>
  </datafield>
  <datafield ind1=" " ind2=" " tag="035">
    <subfield code="a">(DLC)6200994</subfield>
  </datafield>
  <datafield ind1=" " ind2=" " tag="035">
    <subfield code="a">(DLC)sp 85038094</subfield>
  </datafield>
  <datafield ind1=" " ind2=" " tag="035">
    <subfield code="a">(DLC)313643</subfield>
  </datafield>
  <datafield ind1=" " ind2=" " tag="040">
    <subfield code="a">DLC</subfield>
    <subfield code="c">DLC</subfield>
    <subfield code="d">DLC</subfield>
  </datafield>
  <datafield ind1=" " ind2="0" tag="053">
    <subfield code="a">QE861.2</subfield>
    <subfield code="b">QE861.9</subfield>
  </datafield>
  <datafield ind1=" " ind2=" " tag="150">
    <subfield code="a">Dinosaurs</subfield>
  </datafield>
  <datafield ind1=" " ind2=" " tag="450">
    <subfield code="w">nne</subfield>
    <subfield code="a">Dinosauria</subfield>
  </datafield>
  <datafield ind1=" " ind2=" " tag="550">
    <subfield code="w">g</subfield>
    <subfield code="a">Reptiles, Fossil</subfield>
  </datafield>
  <datafield ind1=" " ind2=" " tag="681">
    <subfield code="i">Example under</subfield>
    <subfield code="a">Fossils</subfield>
  </datafield>
</record>
